| 000 | 00710nam a2200169Ia 4500 | ||
|---|---|---|---|
| 008 | 090711s9999 xx 000 0 und d | ||
| 082 | _b56437 | ||
| 100 | _aपरांजपे कल्पना | ||
| 245 | _aमराठी सामाजिक नाटक आणि स्त्री समस्या | ||
| 260 | _c1984 | ||
| 300 | _a511 | ||
| 600 | _aपरांजपे कल्पना | ||
| 630 | _aमराठी सामाजिक नाटक आणि स्त्री समस्या | ||
| 700 | _aपरांजपे कल्पना | ||
| 730 | _aमराठी सामाजिक नाटक आणि स्त्री समस्या | ||
| 942 | _cBOOK | ||
| 999 |
_c329225 _d329225 |
||